Countries with the Greatest Elevation Span - Statistics

General Stats
  • This quiz has been taken 61 times
  • The average score is 21 of 26
Answer Stats
Elevation Span Country % Correct
9002 China
96%
6275.5 United States
96%
5959 Canada
95%
5670 Russia
95%
8588 India
93%
8611 Pakistan
93%
8778 Nepal
91%
6893 Chile
89%
7065 Argentina
86%
7234 Afghanistan
84%
5700 Colombia
84%
6802 Peru
84%
7473 Bhutan
80%
5892 Tanzania
80%
7195 Tajikistan
79%
5646 Mexico
77%
6452 Bolivia
75%
7004 Kyrgyzstan
75%
6267 Ecuador
73%
5638 Iran
73%
7142 Kazakhstan
71%
5137 Turkey
68%
5199 Kenya
66%
5881 Myanmar
61%
5201 Georgia
57%
5109 Democratic Republic of the Congo
46%
No matching quizzes found
Score Distribution
Percent of People with Each Score
Percentile by Number Answered
Your Score History
You have not taken this quiz